[Event "Paulista-ch (Women)"]
[Site "Sao Paulo"]
[Date "2023.09.02"]
[Round "3"]
[White "Francelli, Derli"]
[Black "Guimaraes, Artemis Pamela"]
[Result "0-1"]
[WhiteElo "1567"]
[BlackElo "1980"]
[PlyCount "122"]
[EventDate "2023.09.01"]
[EventType "swiss"]
[EventRounds "6"]
[EventCountry "BRA"]
[SourceTitle "EXT 2024"]
[Source "ChessBase"]
[SourceDate "2023.10.10"]
[SourceVersion "1"]
[SourceVersionDate "2023.10.10"]
[SourceQuality "1"]

1. d4 Nf6 2. c4 e6 3. Nc3 Bb4 4. Bd2 b6 5. e3 Bb7 6. Nf3 0-0 7. Bd3 d5 8. cxd5 exd5 9. 0-0 a6 10. Rc1 Bd6 11. h3 Nbd7 12. Bb1 Ne4 13. a3 Re8 14. Be1 Ndf6 15. Nd2 Qd7 16. Ndxe4 dxe4 17. Ne2 Rad8 18. Ng3 a5 19. Bc3 Bd5 20. Nh5 Qf5 21. Nxf6+ Qxf6 22. Qc2 Qh4 23. Be1 c6 24. f4 Qh5 25. b4 axb4 26. axb4 Ra8 27. Rf2 Ra3 28. Qe2 Qxe2 29. Rxe2 b5 30. Kf2 Rb8 31. Rb2 f6 32. Bd2 Kf7 33. g4 g6 34. h4 h6 35. Rc3 Rxc3 36. Bxc3 f5 37. g5 hxg5 38. hxg5 Rh8 39. Kg3 Rh1 40. Kg2 Rc1 41. Bd2 Rd1 42. Kf2 Ke6 43. Ke2 Rh1 44. Be1 Bc4+ 45. Kd1 Kd5 46. Kd2 Rf1 47. Bc2 Bxf4 48. exf4 Rxf4 49. Bb3 Rg4 50. Bxc4+ bxc4 51. Ke3 Rxg5 52. b5 c3 53. Bxc3 Rg3+ 54. Kd2 Rg2+ 55. Ke3 Rxb2 56. Bxb2 cxb5 57. Bc3 g5 58. Ke2 f4 59. Kf2 g4 60. Kf1 e3 61. Ke2 Ke4 0-1

[Event "Paulista-ch (Women)"]
[Site "Sao Paulo"]
[Date "2023.09.01"]
[Round "2"]
[White "Nunes, Agatha Hurba"]
[Black "Francelli, Derli"]
[Result "1/2-1/2"]
[WhiteElo "1845"]
[BlackElo "1567"]
[PlyCount "94"]
[EventDate "2023.09.01"]
[EventType "swiss"]
[EventRounds "6"]
[EventCountry "BRA"]
[SourceTitle "EXT 2024"]
[Source "ChessBase"]
[SourceDate "2023.10.10"]
[SourceVersion "1"]
[SourceVersionDate "2023.10.10"]
[SourceQuality "1"]

1. d4 d5 2. c4 e6 3. cxd5 exd5 4. Nc3 Nf6 5. Bg5 Be7 6. e3 0-0 7. Bd3 h6 8. Bh4 c6 9. Nge2 Be6 10. 0-0 Nbd7 11. Qc2 Re8 12. Rad1 Rc8 13. f3 Nf8 14. Kh1 Bd7 15. e4 dxe4 16. Nxe4 Nd5 17. Bf2 Nb4 18. Qb1 Nxd3 19. Qxd3 Be6 20. b3 Bd5 21. N2g3 Ne6 22. Be3 Qc7 23. f4 Rcd8 24. f5 Bxe4 25. Nxe4 Nc5 26. Nxc5 Bxc5 27. f6 Bd6 28. fxg7 Kxg7 29. Bc1 Re6 30. Qh3 Rde8 31. Rd3 Rg6 32. Qh5 Qd7 33. Rdf3 Re7 34. Bb2 Qg4 35. d5+ Kf8 36. Qxg4 Rxg4 37. dxc6 bxc6 38. R3f2 Rge4 39. g3 Re2 40. Bf6 R7e6 41. Bd4 Rxf2 42. Rxf2 Re1+ 43. Kg2 c5 44. Bf6 Re6 45. Bc3 a6 46. a4 Re4 47. Rd2 Rg4 1/2-1/2

[Event "Caxambu Casa do Xadrez op"]
[Site "Caxambu"]
[Date "2022.07.23"]
[Round "4"]
[White "Soares, Gustavo Luis"]
[Black "Francelli, Derli"]
[Result "1/2-1/2"]
[WhiteElo "1800"]
[BlackElo "1569"]
[PlyCount "96"]
[EventDate "2022.07.22"]
[EventType "swiss"]
[EventRounds "6"]
[EventCountry "BRA"]
[SourceTitle "CBM 209 Extra"]
[Source "ChessBase"]
[SourceDate "2022.09.30"]
[SourceVersion "1"]
[SourceVersionDate "2022.09.30"]
[SourceQuality "1"]

1. e4 e6 2. Nc3 Bb4 3. Nf3 b6 4. a3 Be7 5. d3 Bb7 6. Be2 Nf6 7. h3 0-0 8. Bf4 d6 9. Qd2 e5 10. Be3 Nbd7 11. 0-0-0 d5 12. exd5 Nxd5 13. Nxd5 Bxd5 14. h4 c5 15. g3 Nf6 16. Rhg1 Ng4 17. Ne1 Nxe3 18. fxe3 Be6 19. Bf3 Rc8 20. e4 h6 21. Ng2 Qc7 22. Qc3 b5 23. Ne3 a5 24. Nd5 Bxd5 25. exd5 b4 26. Qc4 bxa3 27. bxa3 Rb8 28. Kd2 Qd6 29. Ke2 Rb2 30. Kf2 Rfb8 31. Kg2 R8b3 32. Kh3 Rxa3 33. Rb1 Rba2 34. Rb7 Ra4 35. Qb5 Qf6 36. Qe8+ Kh7 37. Bg2 Qf5+ 38. Kh2 Bxh4 39. Be4 Rxe4 40. dxe4 Rxc2+ 41. Rg2 Rxg2+ 42. Kxg2 Qxe4+ 43. Kh3 Qh1+ 44. Kg4 Qe4+ 45. Kh3 Qxd5 46. Rd7 Qh1+ 47. Kg4 Bf6 48. Qxf7 Qe4+ 1/2-1/2

[Event "Caxambu Casa do Xadrez op"]
[Site "Caxambu"]
[Date "2022.07.22"]
[Round "2"]
[White "Nunes, Joao Paulo Karol Sa"]
[Black "Francelli, Derli"]
[Result "0-1"]
[WhiteElo "1800"]
[BlackElo "1569"]
[PlyCount "116"]
[EventDate "2022.07.22"]
[EventType "swiss"]
[EventRounds "6"]
[EventCountry "BRA"]
[SourceTitle "CBM 209 Extra"]
[Source "ChessBase"]
[SourceDate "2022.09.30"]
[SourceVersion "1"]
[SourceVersionDate "2022.09.30"]
[SourceQuality "1"]

1. d4 d5 2. c4 e6 3. Nc3 Nf6 4. Bg5 Nbd7 5. e3 Be7 6. Nf3 0-0 7. Bd3 dxc4 8. Bxc4 b6 9. 0-0 Bb7 10. Re1 Rc8 11. Rc1 c5 12. d5 exd5 13. Nxd5 Nxd5 14. Bxd5 Bxd5 15. Qxd5 Bxg5 16. Nxg5 h6 17. Nf3 Qe7 18. Red1 Nf6 19. Qf5 Rcd8 20. Ne5 Rxd1+ 21. Rxd1 Rd8 22. Rxd8+ Qxd8 23. Qc2 Qd5 24. Nc4 b5 25. Na3 Qxa2 26. h3 a6 27. Qxc5 Qxb2 28. Qc8+ Kh7 29. Qxa6 Qa1+ 30. Kh2 b4 31. Qd3+ Kh8 32. Qd8+ Ng8 33. Nc4 b3 34. Qd2 Nf6 35. Qd8+ Kh7 36. Qd3+ g6 37. Qxb3 Kg7 38. Nd6 Qe5+ 39. f4 Qxd6 40. e4 Nxe4 41. Qe3 Nf6 42. Kg3 Nh5+ 43. Kg4 Nf6+ 44. Kg3 Qc6 45. Qd4 Kh7 46. Kh4 Kg7 47. g4 Kh7 48. g5 hxg5+ 49. Kxg5 Qd5+ 50. Qxd5 Nxd5 51. f5 f6+ 52. Kg4 Ne3+ 53. Kf4 Nxf5 54. Kg4 Kh6 55. h4 Ne3+ 56. Kf3 Nd5 57. Kg4 f5+ 58. Kf3 Kh5 0-1

[Event "Campos do Jordao op"]
[Site "Campos do Jordao"]
[Date "2020.11.06"]
[Round "1"]
[White "Rodrigo da Silva, Edson"]
[Black "Francelli, Derli"]
[Result "1/2-1/2"]
[WhiteElo "1975"]
[BlackElo "1574"]
[PlyCount "117"]
[EventDate "2020.11.06"]
[EventType "swiss"]
[EventRounds "5"]
[EventCountry "BRA"]
[SourceTitle "CBM 199 Extra"]
[Source "ChessBase"]
[SourceDate "2021.01.31"]
[SourceVersion "1"]
[SourceVersionDate "2021.01.31"]
[SourceQuality "1"]

1. d4 d5 2. c4 e6 3. Nc3 Nf6 4. cxd5 exd5 5. Bg5 Nbd7 6. e3 Be7 7. Bd3 h6 8. Bh4 c6 9. Nge2 0-0 10. 0-0 Re8 11. a3 Ne4 12. Bxe7 Nxc3 13. bxc3 Qxe7 14. Ng3 Nf6 15. Nf5 Bxf5 16. Bxf5 g6 17. Bd3 Kg7 18. c4 b6 19. Qb3 dxc4 20. Bxc4 Ne4 21. Ra2 Nd6 22. Bd3 Qe6 23. Qxe6 Rxe6 24. Rc1 Rc8 25. Ba6 Rc7 26. Rac2 c5 27. dxc5 bxc5 28. Rxc5 Rxc5 29. Rxc5 Ne4 30. Ra5 Rf6 31. f3 Nc3 32. e4 Rb6 33. Bc4 Rb7 34. Kf2 Nd1+ 35. Ke2 Nc3+ 36. Kd3 Nd1 37. Kd4 Rd7+ 38. Bd5 Nf2 39. Kc5 Nd3+ 40. Kd4 Ne1 41. Ke3 Nxg2+ 42. Kf2 Nf4 43. Bc4 g5 44. e5 Re7 45. Kg3 Rc7 46. Ra4 Ne6 47. Bxe6 fxe6 48. h4 Kg6 49. hxg5 hxg5 50. Kg4 Rh7 51. f4 Rh4+ 52. Kg3 Rh7 53. Kg4 Rh4+ 54. Kg3 Rh7 55. Ra6 gxf4+ 56. Kxf4 Rf7+ 57. Ke4 Rf2 58. a4 Kf7 59. a5 1/2-1/2

[Event "Caxambu op"]
[Site "Caxambu"]
[Date "2020.03.06"]
[Round "2"]
[White "Frattini, Beatriz Maria"]
[Black "Francelli, Derli"]
[Result "1-0"]
[WhiteElo "1847"]
[BlackElo "1569"]
[PlyCount "59"]
[EventDate "2020.03.06"]
[EventType "swiss"]
[EventRounds "6"]
[EventCountry "BRA"]
[SourceTitle "CBM 195 Extra"]
[Source "ChessBase"]
[SourceDate "2020.05.31"]
[SourceVersion "1"]
[SourceVersionDate "2020.05.31"]
[SourceQuality "1"]

1. e4 e6 2. d4 d5 3. Nc3 h6 4. e5 c5 5. f4 Nc6 6. Nf3 a6 7. Be3 Qb6 8. Na4 Qa5+ 9. c3 cxd4 10. Nxd4 Bd7 11. Nxc6 Bxc6 12. Nb6 Rd8 13. b4 Bxb4 14. cxb4 Qxb4+ 15. Qd2 Qa3 16. Rc1 d4 17. Nc4 Qe7 18. Bxd4 Qh4+ 19. g3 Qg4 20. Rg1 Bd5 21. Nd6+ Kf8 22. Rc7 Ne7 23. Qb4 Qg6 24. Nc8 Qe4+ 25. Be2 Kg8 26. Nxe7+ Kh7 27. Kd2 Qxd4+ 28. Qxd4 Be4 29. Qxd8 Rxd8+ 30. Ke3 1-0

[Event "Teresina op 7th"]
[Site "Teresina"]
[Date "2019.08.03"]
[Round "3"]
[White "De Araujo, Sergio C Mendes"]
[Black "Francelli, Derli"]
[Result "1-0"]
[WhiteElo "1984"]
[BlackElo "1578"]
[PlyCount "65"]
[EventDate "2019.08.02"]
[EventType "swiss"]
[EventRounds "6"]
[EventCountry "BRA"]
[SourceTitle "EXT 2020"]
[Source "ChessBase"]
[SourceDate "2019.10.17"]
[SourceVersion "1"]
[SourceVersionDate "2019.10.17"]
[SourceQuality "1"]

1. d4 d5 2. Bf4 Nf6 3. Nc3 c6 4. Nf3 e6 5. e3 Bb4 6. Bd3 0-0 7. 0-0 Nh5 8. Bxh7+ Kxh7 9. Ng5+ Kg6 10. Qd3+ f5 11. g4 Nxf4 12. exf4 Be7 13. Nf3 Nd7 14. Rae1 Nb6 15. Ne5+ Kh7 16. Qh3+ Kg8 17. g5 Bxg5 18. fxg5 Qxg5+ 19. Kh1 Qh6 20. Qxh6 gxh6 21. Rg1+ Kh7 22. Rg3 Rg8 23. Rh3 Nc4 24. Nf7 Rg6 25. b3 Nd2 26. Ne5 Rg7 27. f3 c5 28. Rd1 cxd4 29. Ne2 Nxb3 30. axb3 Bd7 31. Nf4 Rc8 32. Nh5 Bb5 33. Nf6+ 1-0

[Event "Sao Bernardo do Campo op"]
[Site "Sao Bernardo do Campo"]
[Date "2018.12.09"]
[Round "5"]
[White "Vicentin, Marcos Tadeu"]
[Black "Francelli, Derli"]
[Result "1/2-1/2"]
[WhiteElo "1979"]
[BlackElo "1564"]
[PlyCount "21"]
[EventDate "2018.12.07"]
[EventType "swiss"]
[EventRounds "5"]
[EventCountry "BRA"]
[SourceTitle "EXT 2021"]
[Source "ChessBase"]
[SourceDate "2020.10.23"]
[SourceVersion "1"]
[SourceVersionDate "2020.10.23"]
[SourceQuality "1"]

1. d4 d5 2. Nf3 e6 3. c4 Nf6 4. Nc3 Nbd7 5. e3 Be7 6. Be2 dxc4 7. Bxc4 0-0 8. 0-0 b6 9. b3 Bb7 10. Bb2 c5 11. dxc5 1/2-1/2

[Event "Sao Bernardo do Campo op"]
[Site "Sao Bernardo do Campo"]
[Date "2018.12.08"]
[Round "3"]
[White "De Paula, Bruno Cesar Lima"]
[Black "Francelli, Derli"]
[Result "1-0"]
[WhiteElo "1461"]
[BlackElo "1564"]
[PlyCount "67"]
[EventDate "2018.12.07"]
[EventType "swiss"]
[EventRounds "5"]
[EventCountry "BRA"]
[SourceTitle "EXT 2021"]
[Source "ChessBase"]
[SourceDate "2020.10.23"]
[SourceVersion "1"]
[SourceVersionDate "2020.10.23"]
[SourceQuality "1"]

1. e4 e6 2. d4 d5 3. Nc3 Nf6 4. Bg5 Be7 5. e5 Nfd7 6. h4 c5 7. Nb5 cxd4 8. Bxe7 Kxe7 9. Qg4 Nxe5 10. Qxd4 Nbc6 11. Qc5+ Kf6 12. 0-0-0 a6 13. Nc3 Qe7 14. Qe3 g6 15. Rxd5 Qb4 16. a3 Qf8 17. Rxe5 Nxe5 18. Qf4+ Kg7 19. Qxe5+ f6 20. Qe3 Bd7 21. h5 g5 22. h6+ Kf7 23. Be2 Bc6 24. Bh5+ Ke7 25. Nf3 Qxh6 26. Qc5+ Kd8 27. Nd4 f5 28. Nxc6+ bxc6 29. Qd6+ Kc8 30. Qxc6+ Kb8 31. g4 f4 32. Rd1 Ra7 33. Nd5 Rd8 34. Qb6+ 1-0

[Event "Sao Paulo op-C U1700 7th"]
[Site "Sao Paulo"]
[Date "2018.04.01"]
[Round "5"]
[White "Boutin Neto, Mauro Albano"]
[Black "Francelli, Derli"]
[Result "1/2-1/2"]
[WhiteElo "1373"]
[BlackElo "1617"]
[PlyCount "78"]
[EventDate "2018.03.30"]
[EventType "swiss"]
[EventRounds "6"]
[EventCountry "BRA"]
[SourceTitle "EXT 2021"]
[Source "ChessBase"]
[SourceDate "2020.10.23"]
[SourceVersion "1"]
[SourceVersionDate "2020.10.23"]
[SourceQuality "1"]

1. d4 d5 2. Bf4 e6 3. Nf3 Nf6 4. e3 Nbd7 5. Bd3 c5 6. c3 cxd4 7. exd4 Be7 8. 0-0 h6 9. Nbd2 0-0 10. Re1 Re8 11. Qb3 Qb6 12. Ne5 Qxb3 13. axb3 Nxe5 14. dxe5 Nd7 15. Nf3 a6 16. Nd4 Nc5 17. Bc2 Nd7 18. h3 Nf8 19. Bd3 f6 20. Bh2 fxe5 21. Bxe5 Bd7 22. Re3 Nh7 23. Rf3 Rf8 24. Re3 Bf6 25. Bd6 Bxd4 26. cxd4 Rf6 27. Be5 Rff8 28. Rg3 Nf6 29. Bd6 Rfd8 30. Be7 Nh5 31. Rf3 Re8 32. Bd6 Nf6 33. Bg6 Rec8 34. Be7 Be8 35. Bxe8 Nxe8 36. Rf8+ Kh7 37. Bc5 Nf6 38. Rf7 Ne4 39. b4 b5 1/2-1/2

[Event "Brasilia Terraviva op"]
[Site "Brasilia"]
[Date "2018.01.11"]
[Round "1"]
[White "Francelli, Derli"]
[Black "Okamura, Milton Kasuo"]
[Result "0-1"]
[WhiteElo "1602"]
[BlackElo "2019"]
[PlyCount "40"]
[EventDate "2018.01.11"]
[EventType "swiss"]
[EventRounds "7"]
[EventCountry "BRA"]
[SourceTitle "CBM 182 Extra"]
[Source "ChessBase"]
[SourceDate "2018.02.23"]
[SourceVersion "1"]
[SourceVersionDate "2018.02.23"]
[SourceQuality "1"]

1. d4 d5 2. c4 e6 3. Nc3 c6 4. Nf3 Nf6 5. e3 Nbd7 6. cxd5 exd5 7. Bd3 Bd6 8. 0-0 0-0 9. Re1 Re8 10. Bd2 Ne4 11. Rc1 Ndf6 12. a3 Bg4 13. Be2 Qe7 14. h3 Bh5 15. Nxe4 Nxe4 16. g4 Bg6 17. Bc3 h5 18. Nd2 Nxf2 19. Kxf2 Qxe3+ 20. Kf1 Bg3 0-1

[Event "Caioba Telecom op"]
[Site "Caioba"]
[Date "2017.09.28"]
[Round "2"]
[White "Brusamolin, Valerio"]
[Black "Francelli, Derli"]
[Result "1-0"]
[WhiteElo "2071"]
[BlackElo "1615"]
[PlyCount "65"]
[EventDate "2017.09.28"]
[EventType "swiss"]
[EventRounds "8"]
[EventCountry "BRA"]
[SourceTitle "EXT 2018"]
[Source "ChessBase"]
[SourceDate "2017.10.13"]
[SourceVersion "1"]
[SourceVersionDate "2017.10.13"]
[SourceQuality "1"]

1. f4 d5 2. Nf3 Nf6 3. e3 e6 4. b3 Be7 5. Bb2 0-0 6. Ne5 Nbd7 7. d4 c5 8. Bd3 cxd4 9. exd4 Re8 10. 0-0 Nf8 11. Nd2 Bd7 12. Ndf3 Rc8 13. Ng5 Qc7 14. Ngxf7 a6 15. c3 Bb5 16. c4 dxc4 17. bxc4 Bc6 18. Qe2 Bd6 19. Rac1 Re7 20. Ng5 h6 21. Ngf3 Bxe5 22. fxe5 Bxf3 23. Rxf3 N6h7 24. Rcf1 Ng5 25. R3f2 Rf7 26. h4 Rxf2 27. Rxf2 Ngh7 28. Qe4 Qe7 29. d5 exd5 30. cxd5 a5 31. d6 Qe6 32. Qxb7 Rd8 33. Qe4 1-0

[Event "Cuiaba Contaud op"]
[Site "Cuiaba"]
[Date "2017.07.29"]
[Round "4"]
[White "Dutra, Liliam Guedes"]
[Black "Francelli, Derli"]
[Result "1-0"]
[WhiteElo "1557"]
[BlackElo "1646"]
[PlyCount "77"]
[EventDate "2017.07.28"]
[EventType "swiss"]
[EventRounds "6"]
[EventCountry "BRA"]
[SourceTitle "EXT 2018"]
[Source "ChessBase"]
[SourceDate "2017.10.13"]
[SourceVersion "1"]
[SourceVersionDate "2017.10.13"]
[SourceQuality "1"]

1. d4 Nf6 2. c4 c6 3. Nc3 e6 4. Nf3 d5 5. cxd5 cxd5 6. Bg5 h6 7. Bh4 Nbd7 8. e3 Bb4 9. Bd3 Qa5 10. Qc2 Ne4 11. Bxe4 dxe4 12. Nd2 f5 13. 0-0 0-0 14. a3 Bxc3 15. bxc3 Nf6 16. Bg3 Nd5 17. Rfc1 Bd7 18. c4 Rac8 19. Qb2 Nf6 20. Nb3 Qa4 21. Nc5 Rxc5 22. dxc5 Qc6 23. Bd6 Rc8 24. Qb4 Ne8 25. Rd1 b6 26. cxb6 axb6 27. Be5 Ra8 28. Rab1 Rc8 29. Qxb6 Qxc4 30. h3 Rc6 31. Qd8 Rc5 32. Qxd7 Rxe5 33. Qxe8+ Kh7 34. Qe7 Rd5 35. Rdc1 Qa2 36. Rc7 Kg6 37. Qxg7+ Kh5 38. Qf7+ Kg5 39. Qg7+ 1-0

[Event "Guaira op 2nd"]
[Site "Guaira"]
[Date "2016.11.04"]
[Round "1"]
[White "Rodrigues, Adriano Jr"]
[Black "Francelli, Derli"]
[Result "0-1"]
[WhiteElo "1800"]
[BlackElo "1659"]
[PlyCount "156"]
[EventDate "2016.11.04"]
[EventType "swiss"]
[EventRounds "6"]
[EventCountry "BRA"]
[SourceTitle "CBM 175 Extra"]
[Source "ChessBase"]
[SourceDate "2016.12.12"]
[SourceVersion "1"]
[SourceVersionDate "2016.12.12"]
[SourceQuality "1"]

1. d4 d5 2. Nf3 Nf6 3. c4 e6 4. h3 c6 5. Nc3 Be7 6. Bf4 0-0 7. e3 Nbd7 8. Bd3 dxc4 9. Bxc4 Nb6 10. b3 Bb4 11. Qc2 Nbd5 12. Bxd5 Nxd5 13. 0-0 Bxc3 14. Ng5 g6 15. Rad1 Ba5 16. Nf3 Nxf4 17. exf4 Qf6 18. Qc5 Bc7 19. g3 Qf5 20. Qxf5 exf5 21. Rc1 Be6 22. Ng5 Bd5 23. h4 h6 24. Nh3 Bb6 25. Kh2 Rae8 26. Rfe1 Bxd4 27. Rcd1 Bc3 28. Rg1 Re2 29. g4 fxg4 30. Rxg4 Be6 31. Rg3 Bf6 32. h5 Kh7 33. hxg6+ fxg6 34. Kg1 Bh4 35. Rgd3 Bxh3 36. Rxh3 Bxf2+ 37. Kf1 Rxa2 38. Rd7+ Kg8 39. Rxh6 Rf6 40. f5 Bb6 41. Rxg6+ Rxg6 42. fxg6 Rf2+ 43. Ke1 Rg2 44. Rxb7 Rxg6 45. Ke2 Rg3 46. b4 Rb3 47. Rd7 Rxb4 48. Kf3 c5 49. Rd1 Kf7 50. Ke3 Ke6 51. Re1 Kd5 52. Rd1+ Rd4 53. Rh1 Kc6 54. Rh6+ Kb5 55. Rh2 c4 56. Rh5+ Kb4 57. Ke2 Rd3 58. Rh4 Kb3 59. Rh1 Kc3 60. Rc1+ Kd4 61. Rb1 Bc5 62. Rb7 Kc3 63. Rc7 Bb6 64. Rc6 Kb3 65. Rf6 Kc2 66. Rc6 c3 67. Rc4 Rd2+ 68. Ke1 Kd3 69. Rc6 Kc2 70. Rc4 Rh2 71. Rc6 Kb2 72. Kf1 c2 73. Rxc2+ Kxc2 74. Ke1 Kd3 75. Kf1 Ke3 76. Kg1 Ra2 77. Kh1 Ba5 78. Kg1 Kf3 0-1

[Event "Caioba Telecom op"]
[Site "Caioba"]
[Date "2016.08.26"]
[Round "2"]
[White "Quintiliano Pinto, Renato Rodrigues"]
[Black "Francelli, Derli"]
[Result "1-0"]
[WhiteElo "2443"]
[BlackElo "1670"]
[PlyCount "49"]
[EventDate "2016.08.26"]
[EventType "swiss"]
[EventRounds "6"]
[EventCountry "BRA"]
[SourceTitle "CBM 174 Extra"]
[Source "ChessBase"]
[SourceDate "2016.10.10"]
[SourceVersion "1"]
[SourceVersionDate "2016.10.10"]
[SourceQuality "1"]

1. e4 e6 2. d4 d5 3. Nc3 Nf6 4. e5 Nfd7 5. f4 c5 6. Nf3 Nc6 7. Be3 cxd4 8. Nxd4 Bc5 9. Qd2 Nb6 10. 0-0-0 Bd7 11. Nf3 Bxe3 12. Qxe3 Rc8 13. Nb5 0-0 14. Nd6 Rc7 15. Bd3 Nb4 16. Kb1 Nxd3 17. cxd3 f6 18. Rc1 Rxc1+ 19. Rxc1 f5 20. Nxb7 Qb8 21. Nc5 Rc8 22. Nd4 Kf7 23. Nxf5 Rxc5 24. Nd6+ Ke7 25. Qxc5 1-0

[Event "Brasilia Terraviva op"]
[Site "Brasilia"]
[Date "2016.04.24"]
[Round "6"]
[White "Francelli, Derli"]
[Black "Dos Santos Junior, Joao Batista"]
[Result "1/2-1/2"]
[WhiteElo "1649"]
[BlackElo "1741"]
[PlyCount "59"]
[EventDate "2016.04.21"]
[EventType "swiss"]
[EventRounds "7"]
[EventCountry "BRA"]
[SourceTitle "CBM 172 Extra"]
[Source "ChessBase"]
[SourceDate "2016.06.21"]
[SourceVersion "1"]
[SourceVersionDate "2016.06.21"]
[SourceQuality "1"]

1. d4 Nf6 2. c4 c5 3. d5 g6 4. Nc3 Bg7 5. e4 d6 6. f3 Bd7 7. Be3 Na6 8. a3 Nc7 9. Qd2 h5 10. Bd3 a6 11. Nge2 b5 12. 0-0 Qb8 13. e5 Nh7 14. exd6 exd6 15. Bf4 Be5 16. Bxe5 dxe5 17. f4 b4 18. axb4 cxb4 19. Ne4 0-0 20. fxe5 Qa7+ 21. Kh1 Rab8 22. Nf6+ Nxf6 23. exf6 Kh7 24. Ng3 Bg4 25. h3 h4 26. hxg4 hxg3 27. Qg5 Rh8 28. Bxg6+ fxg6 29. Qh4+ Kg8 30. f7+ 1/2-1/2

[Event "Brasilia Terraviva op"]
[Site "Brasilia"]
[Date "2016.04.21"]
[Round "1"]
[White "Lucena, Lincoln"]
[Black "Francelli, Derli"]
[Result "1-0"]
[WhiteElo "2132"]
[BlackElo "1649"]
[PlyCount "57"]
[EventDate "2016.04.21"]
[EventType "swiss"]
[EventRounds "7"]
[EventCountry "BRA"]
[SourceTitle "CBM 172 Extra"]
[Source "ChessBase"]
[SourceDate "2016.06.21"]
[SourceVersion "1"]
[SourceVersionDate "2016.06.21"]
[SourceQuality "1"]

1. e4 e6 2. d3 d5 3. Nd2 Nf6 4. Ngf3 dxe4 5. dxe4 Bc5 6. Bc4 0-0 7. 0-0 Nc6 8. c3 e5 9. b4 Bd6 10. h3 a6 11. a4 Re8 12. Ng5 Rf8 13. Qb3 Qe8 14. Re1 Nd8 15. Nf1 h6 16. Nf3 Be6 17. Ng3 Bxc4 18. Qxc4 b5 19. Qd3 bxa4 20. Nf5 Qb5 21. Qc2 Qc6 22. Rxa4 Rb8 23. Ra2 Ne6 24. Bd2 Rfd8 25. c4 Nd4 26. N3xd4 exd4 27. e5 Bxb4 28. Bxb4 Rxb4 29. Ne7+ 1-0

[Event "Joao Pessoa Fischer Memorial 7th"]
[Site "Joao Pessoa"]
[Date "2016.03.12"]
[Round "4"]
[White "Francelli, Derli"]
[Black "Jordao Barbosa, Marcio Ferre"]
[Result "0-1"]
[WhiteElo "1647"]
[BlackElo "2006"]
[PlyCount "52"]
[EventDate "2016.03.11"]
[EventType "swiss"]
[EventRounds "6"]
[EventCountry "BRA"]
[SourceTitle "CBM 171 Extra"]
[Source "ChessBase"]
[SourceDate "2016.04.26"]
[SourceVersion "1"]
[SourceVersionDate "2016.04.26"]
[SourceQuality "1"]

1. d4 d5 2. c4 dxc4 3. e4 e5 4. d5 Nf6 5. Nc3 b5 6. a3 Bc5 7. h3 c6 8. Nf3 0-0 9. Be2 cxd5 10. exd5 Qb6 11. 0-0 e4 12. Ng5 Bf5 13. Bg4 Bxg4 14. hxg4 e3 15. Nge4 Nxe4 16. Nxe4 exf2+ 17. Nxf2 Nd7 18. Bf4 Nf6 19. Qf3 Rfe8 20. Rae1 Bxf2+ 21. Qxf2 Qxf2+ 22. Kxf2 Nxd5 23. Rxe8+ Rxe8 24. Bd6 Nf6 25. Kf3 Rd8 26. Be7 Rd3+ 0-1